| 000 | 00507nam a2200145 i 4500 | ||
|---|---|---|---|
| 001 | 82652 | ||
| 003 | ES-MaACL | ||
| 005 | 20230906174718.0 | ||
| 007 | t| | ||
| 008 | 041111s1921 mx ||||1| spa d | ||
| 245 | 0 | 0 | _aIconografía de gobernantes de la Nueva España tomada de la colección que se conserva en el salón de cabildos de Palacio municipal de la ciudad de México. |
| 260 |
_aMéxico : _bEusebio Gómez de la Puente, _c1921. |
||
| 300 |
_a7 h., 62 lám. ; _c36 cm. |
||
| 852 |
_aES-MaACL _jF-14889 |
||
| 999 |
_c82652 _d82652 |
||